capocannonieri all time delle migliori competizioni - Statistics

Statistiche generali
  • Questo quiz è stato fatto 3.076 volte
  • Il punteggio medio è 41 su 60
Statistiche sulle risposte
GIOCATORE GOL % Corretto
CAPOCANNONIERE ALL TIME LA LIGA MESSI 474
98%
CAPOCANNONIERE DI UNA STAGIONE LA LIGA MESSI 50
98%
CAPOCANNONIERE BARCELLONA MESSI 672
98%
CAPOCANNONIERE ARGENTINA MESSI 102
98%
CAPOCANNONIERE ALL TIME CHAMPIONS RONALDO 140
98%
CAPOCANNONIERE DI UNA STAGIONE CHAMPIONS RONALDO 17
98%
CAPOCANNONIERE ALL TIME EUROPEI RONALDO 14
98%
CAPOCANNONIERE REAL MADRID RONALDO 450
98%
CAPOCANNONIERE PORTOGALLO RONALDO 122
98%
CAPOCANNONIERE DI UNA STAGIONE SERIE A IMMOBILE/HIGUAIN 36
97%
CAPOCANNONIERE ROMA TOTTI 307
92%
CAPOCANNONIERE JUVE DEL PIERO 290
89%
CAPOCANNONIERE EGITTO SALAH 49
87%
CAPOCANNONIERE BRASILE PELE/NEYMAR 77
86%
CAPOCANNONIERE SVEZIA IBRAHIMOVIC 62
85%
CAPOCANNONIERE LAZIO IMMOBILE 196
84%
CAPOCANNONIERE ALL TIME BUNDESLIGA MULLER 365
84%
CAPOCANNONIERE BAYERN MONACO MULLER 568
84%
CAPOCANNONIERE DI UNA STAGIONE BUNDESLIGA LEWANDOWSKI 41
82%
CAPOCANNONIERE POLONIA LEWANDOWSKI 78
82%
CAPOCANNONIERE BELGIO LUKAKU 72
81%
CAPOCANNONIERE PSG MBAPPE 212
81%
CAPOCANNONIERE URUGUAY SUAREZ 68
81%
CAPOCANNONIERE GALLES BALE 41
79%
CAPOCANNONIERE COSTA D'AVORIO DROGBA 65
79%
CAPOCANNONIERE ALL TIME MONDIALE KLOSE 16
78%
CAPOCANNONIERE GERMANIA KLOSE 71
78%
CAPOCANNONIERE INGHILTERRA KANE 55
77%
CAPOCANNONIERE MAN CITY AGUERO 260
74%
CAPOCANNONIERE DI UNA STAGIONE PREMIER LEAGUE HAALAND 36
73%
CAPOCANNONIERE ARSENAL HENRY 229
73%
CAPOCANNONIERE MAN UTD ROONEY 253
73%
CAPOCANNONIERE NAPOLI MERTENS 148
72%
CAPOCANNONIERE FIORENTINA BATISTUTA 203
69%
CAPOCANNONIERE SENEGAL MANE 34
67%
CAPOCANNONIERE INTER MEAZZA 284
65%
CAPOCANNONIERE ALL TIME SERIE A PIOLA 274
65%
CAPOCANNONIERE UCRAINA SHEVCHENKO 48
64%
CAPOCANNONIERE CAMERUN ETO'O 56
62%
CAPOCANNONIERE ROMANIA HAGI/MUTU 35
62%
CAPOCANNONIERE UNGHERIA PUSKAS 84
62%
CAPOCANNONIERE FRANCIA GIROUD 53
59%
CAPOCANNONIERE ATLETICO MADRID GRIEZMANN 157
57%
CAPOCANNONIERE AJAX CRUIJFF 311
55%
CAPOCANNONIERE ITALIA RIVA 35
55%
CAPOCANNONIERE ALL TIME PREMIER LEAGUE SHEARER 260
55%
CAPOCANNONIERE SPAGNA VILLA 59
49%
CAPOCANNONIERE OLANDA VAN PERSIE 50
46%
CAPOCANNONIERE LIONE LACAZETTE 160
45%
CAPOCANNONIERE MILAN NORDAHL 214
42%
CAPOCANNONIERE CHELSEA LAMPARD 203
41%
CAPOCANNONIERE AUSTRALIA CAHILL 50
34%
CAPOCANNONIERE DI UNA STAGIONE EUROPEI PLATINI 9
32%
CAPOCANNONIERE DI UNA STAGIONE EUROPA LEAGUE FALCAO 17
29%
CAPOCANNONIERE LIVERPOOL RUSH 346
27%
CAPOCANNONIERE MARSIGLIA PAPIN 182
25%
CAPOCANNONIERE BULGARIA BERBATOV 48
23%
CAPOCANNONIERE DI UNA STAGIONE MONDIALE FONTAINE 13
21%
CAPOCANNONIERE ALL TIME EUROPA LEAGUE LARSSON 40
8%
CAPOCANNONIERE RUSSIA DYZUBA 30
3%
Nessun quiz corrispondente trovato
Distribuzione punteggi
Percentuale di utenti per punteggio
Percentile per numero di risposta
I tuoi punteggi nel tempo
Non hai fatto questo quiz